Society and Politics in India/ (Record no. 202502)

MARC details
000 -LEADER
fixed length control field 00570 a2200205 4500
005 - DATE AND TIME OF LATEST TRANSACTION
control field 20240501160839.0
010 ## - LCCN (DPL NO)
LC control number B-758836
020 ## - INTERNATIONAL STANDARD BOOK NUMBER
International Standard Book Number 0195630661
Terms of availability 275.00
035 ## - SYSTEM CONTROL NUMBER
System control number B-758836
037 ## - SOURCE OF ACQUISITION
Source of stock number/acquisition Gift/Unesco
082 ## - DEWEY DECIMAL CLASSIFICATION NUMBER
Classification number 306.2
100 ## - MAIN ENTRY--PERSONAL NAME
Personal name Beteille, Andre
245 ## - TITLE STATEMENT
Title Society and Politics in India/
Remainder of title Andre Beteille
260 ## - PUBLICATION, DISTRIBUTION, ETC. (IMPRINT)
Place of publication, distribution, etc Delhi
Name of publisher, distributor, etc Oxford
Date of publication, distribution, etc 1992
270 ## - ADDRESS
Address Delhi
300 ## - PHYSICAL DESCRIPTION
Extent 317p.;
Dimensions 22cm. (Hb)
Other physical details Index
500 ## - GENERAL NOTE
General note Index
942 ## - ADDED ENTRY ELEMENTS (KOHA)
Institution code [OBSOLETE] dpl
Item type English Books
Source of classification or shelving scheme Dewey Decimal Classification
Classification part 306.2
Call number suffix BET
Holdings
Withdrawn status Lost status Not for loan Collection code Home library Current library Date acquired Source of acquisition Cost, normal purchase price Full call number Barcode Copy number Cost, replacement price Koha item type Public note
      Non-fiction Bawana Bawana 01/05/2024 Gift/29.4.24 275.00 306.2 BET B-758836 1 275.00 English Books Gift

© Delhi Public Library
Hit Counter
free hit counter